Представление документа в формате MARC21

Поле Инд. ПП Название Значение
Тип записи a
Библиографический уровень b
001 Контрольный номер RU/IS/BASE/432040085
005 Дата корректировки 20200522191614.2
008 Кодируемые данные 20130909
040 b Код языка каталог. rus
e Правила каталог. PSBO
041 0_ a Код языка текста rus
100 1_ a Автор Гришин А. А.
245 10 a Заглавие Произведения классика русского авангарда на пути к читателю
b Продолж. заглавия [история изданий произведений Д. Хармса]
504 a Библиография Указатель изданий, вышедших на территории СССР и Российской Федерации на русском языке с 1928 по 2008 гг.: 185 назв. (с. 75 - 84)
773 08 t Заглавие источника Библиография
d Дата издания источника 2010
g Прочая информация № 4. - С. 70 - 84
w Контрольный № источника RU/IS/BASE/340896792
901 t Тип документа b